Najwięksi producenci herbat na świecie - Statystyki

Ogólne statystyki
  • Ten quiz został rozwiązany 58 razy
  • Średni wynik to 6 z 12
Statystyki odpowiedzi
Odpowiedź % Poprawnych
Chiny
98%
Indie
92%
Indonezja
79%
Wietnam
75%
Sri Lanka
60%
Bangladesz
53%
Kenia
49%
Turcja
40%
Argentyna
36%
Uganda
19%
Malawi
8%
Rwanda
6%
Nie znaleziono quizów pasujących do podanych kryteriów
Rozkład punktacji
Procent ludzi z każdym wynikiem
Percentyl według liczby udzielonych odpowiedzi
Twoja historia wyników
Nie rozwiązałeś tego quizu